Estrategias para abordar la intervención grupal en psicología: diseños, técnicas y experiencias prácticas

Сохранить в:
Библиографические подробности
Главные авторы: Ortiz Barrera, Jade (autora), Capurro Ríos, Gabriela (Автор)
Формат:
Язык:испанский
Опубликовано: Santiago Ediciones Universidad Santo Tomás 2014
Редактирование:1a. ed
Предметы:
Метки: Добавить метку
Нет меток, Требуется 1-ая метка записи!

MARC

LEADER 00000cam a2200000 a 4500
001 UCE3063
003 CL-VaPUC
008 140814e20140000cl |||||||||||||||||spa|d
020 |a 9789567946259 
082 0 4 |a 158.35  |b ORT  |2 21 
100 |a Ortiz Barrera, Jade  |e autora  |9 575562 
700 0 |a Capurro Ríos, Gabriela  |e author  |9 575563 
245 1 0 |a Estrategias para abordar la intervención grupal en psicología: diseños, técnicas y experiencias prácticas 
250 |a 1a. ed 
300 |a 165 p 
942 |c BK 
945 |d 20140814 14:58:00  |a arojas 
260 |a Santiago  |b Ediciones Universidad Santo Tomás  |c 2014 
650 0 |a Psicología aplicada   |9 270762 
650 7 |a ORIENTACION PSICOLOGICA  |2 CL-VaPUC  |9 311637 
650 7 |a TECNICAS  |2 CL-VaPUC  |9 315860 
650 7 |a EXPERIMENTACION  |2 CL-VaPUC  |9 575564 
650 0 |a Intervención social   |9 548440 
583 |a last modification  |c 20140814 14:58:00  |k Rodrigo Vera 
999 |c 356514  |d 356512 
952 |0 0  |1 0  |3 erb  |4 0  |6 158_350000000000000_ORT_2014  |7 0  |8 R  |9 463937  |a BIBEDU  |b BIBEDU  |c MCIRC  |i 5094046  |o 158.35 ORT 2014  |p 5094046  |r 2023-01-13  |w 2019-11-23  |y BK_R  |z Catalogado en:20140814  |k PSI 
952 |0 0  |1 0  |3 erb  |4 0  |6 158_350000000000000_ORT_2014  |7 0  |8 R  |9 463938  |a BIBEDU  |b BIBEDU  |c MCIRC  |i 5094038  |o 158.35 ORT 2014  |p 5094038  |r 2023-01-13  |w 2019-11-23  |y BK_R  |z Catalogado en:20140814  |k PSI 
952 |0 0  |1 0  |3 erb  |4 0  |6 158_350000000000000_ORT_2014  |7 0  |8 R  |9 463939  |a BIBEDU  |b BIBEDU  |c MCIRC  |i 5094062  |o 158.35 ORT 2014  |p 5094062  |r 2023-01-13  |w 2019-11-23  |y BK_R  |z Catalogado en:20140814  |k PSI